00489 a2200157 450000100060000008200120000609000170001810000370003524500700007226000200014230000110016250000220017394200220019599900190021795200950023693020 aPR 2377 c44657d44658 aAdeel, Prof Asad Ikram (Advisor) aStudy of Development of Generic Strap Down Inertial Kitn60'B' EC aIslamabadcNUST av,97p. aBE Project Report aCAE NUSTkPR 2377 c328093d328093 001040708NFICaCAEbCAEd2017-04-03l0oPR 2377pCAEPR-2377r2017-04-05w2017-04-05yBK